Normal view
MARC view
Entry Personal Name
001 - CONTROL NUMBER
- control field: 12115
003 - CONTROL NUMBER IDENTIFIER
- control field: PK-LaUMT
005 - DATE AND TIME OF LATEST TRANSACTION
- control field: 20260602102105.0
008 - FIXED-LENGTH DATA ELEMENTS
- fixed length control field: 260602|| aca||aabn | a|a d
040 ## - CATALOGING SOURCE
- Original cataloging agency: PK-LaUMT
- Transcribing agency: PK-LaUMT
100 ## - HEADING--PERSONAL NAME
- Personal name: Aqeel Ahmad = عقیل احمد
670 ## - SOURCE DATA FOUND
- Source citation: Work cat.: (PK-LaUMT)103994: Aqeel Ahmad = عقیل احمد, Maulana Hafiz Muhammad Shafi Okarvi = مولانا حافظ محمد شفیع اوکاڑوی :, 2017
